logo

Bir Sreshtho Munshi Abdur Rouf Library
Jhenaidah Cadet College

The game of work / (Record no. 1960)

MARC details
000 -LEADER
fixed length control field 01178nam a2200325 a 4500
003 - CONTROL NUMBER IDENTIFIER
JCCL marc code BD-JhCC
005 - DATE AND TIME OF LATEST TRANSACTION
control field 20190908134017.0
008 - FIXED-LENGTH DATA ELEMENTS--GENERAL INFORMATION
fixed length control field 070308s2007 utua b 001 0 eng
020 ## - INTERNATIONAL STANDARD BOOK NUMBER
International Standard Book Number 9781423601579
020 ## - INTERNATIONAL STANDARD BOOK NUMBER
International Standard Book Number 1423601572
035 ## - SYSTEM CONTROL NUMBER
system control number (BD-JhCC)
040 ## - CATALOGING SOURCE
Original cataloging agency DLC
Transcribing agency DLC
Modifying agency DLC
041 ## - LANGUAGE CODE
Language code of Book eng
050 00 - LIBRARY OF CONGRESS CALL NUMBER
Classification number HF5549.5.M63
Item number C674 2007
082 00 - DEWEY DECIMAL CLASSIFICATION NUMBER
Classification number 650.1
DDC Edition number 23
Author mark and Year COO 2007
100 1# - MAIN ENTRY--PERSONAL NAME
Personal name Coonradt, Charles A.
245 14 - TITLE STATEMENT
Title The game of work /
Statement of responsibility, etc Charles A. Coonradt, with Lee Nelson.
250 ## - EDITION STATEMENT
Edition statement 1st ed.
260 ## - PUBLICATION, DISTRIBUTION, ETC. (IMPRINT)
Place of publication, distribution, etc Salt Lake City, Utah :
Name of publisher, distributor, etc Gibbs Smith, Publisher,
Date of publication, distribution, etc c2007.
300 ## - PHYSICAL DESCRIPTION
Pagination xiii, 178 p. :
Other physical details ill. ;
Dimensions 21 cm.
500 ## - GENERAL NOTE
General note Includes index.
504 ## - BIBLIOGRAPHY, ETC. NOTE
Bibliography, etc includes bibliographical references (p. 175 ) and index.
505 0# - FORMATTED CONTENTS NOTE
Formatted contents note The game of work -- Goals -- Scorekeeping -- Feedback -- Choice -- Field of play -- Winning -- Attitudes of winners -- Results to resources ratio -- Picking winners -- Coaching winners to greatness -- Winning at the game of work -- Index.
650 #0 - SUBJECT ADDED ENTRY--TOPICAL TERM
Topical term or geographic name as entry element Employee motivation.
650 #0 - SUBJECT ADDED ENTRY--TOPICAL TERM
Topical term or geographic name as entry element Motivation (Psychology)
650 #0 - SUBJECT ADDED ENTRY--TOPICAL TERM
Topical term or geographic name as entry element Work
General subdivision Psychological aspects.
700 1# - ADDED ENTRY--PERSONAL NAME
Personal name Nelson, Lee.
942 ## - ADDED ENTRY ELEMENTS (KOHA)
Source of classification or shelving scheme Dewey Decimal Classification
Koha item type Books
Koha issues (borrowed), all copies 1
Holdings
Source of classification or shelving scheme Damaged status Not for loan Home library Current library Shelving location Date of accession Cost, normal purchase price Total Checkouts Full call number Barcode Date last seen Date checked out Copy number Koha item type
Dewey Decimal Classification     JCC Rouf Library JCC Rouf Library General Stacks 10/26/2017 18.95 1 650.1 COO 2007 3345 09/14/2019 09/08/2019 C-1 Books

JCC Library | Contacts | JCC Home

Last Update on 23 September 2017
Copyright @ 2017-2020 JCC Rouf Library
Rouf Library, Jhenidah Cadet College (JCC), Bangladesh